000 00785cam a22002773a 4500
001 13793
003 PGUSA
005 20140828083309.0
008 041019s2004||||xxu|||||s|||||000 1 eng d
040 _aPGUSA
_beng
042 _adc
050 4 _aPQ
050 4 _aPZ
100 1 _aMalot, Hector,
_d1830-1907
245 1 0 _aEn famille
_h[electronic resource] /
_cHector Malot
260 _bProject Gutenberg,
_c2004
506 _aPublic domain in the USA.
516 _aElectronic text
653 _aFrance -- History -- 19th century -- Fiction
653 _aGrandfathers -- Fiction
653 _aOrphans -- Fiction
653 _aAdventure and adventurers -- Fiction
830 0 _aProject Gutenberg
_v13793
856 4 0 _uhttp://www.gutenberg.org/ebooks/13793
942 _cEB
999 _c243048
_d243048